Zdobywcy Złotego Buta w XXI wieku - Statystyki

Ogólne statystyki
  • Ten quiz został rozwiązany 1 694 razy
    143 od ostatniego zresetowania
  • Średni wynik to 20 z 25
Statystyki odpowiedzi
Sezon Narodowość Zawodnik % Poprawnych
2007/08 Portugalia Cristiano Ronaldo
99%
2010/11 Portugalia Cristiano Ronaldo
99%
2013/14 Portugalia Cristiano Ronaldo
99%
2014/15 Portugalia Cristiano Ronaldo
99%
2009/10 Argentyna Lionel Messi
99%
2011/12 Argentyna Lionel Messi
99%
2012/13 Argentyna Lionel Messi
99%
2016/17 Argentyna Lionel Messi
99%
2017/18 Argentyna Lionel Messi
99%
2018/19 Argentyna Lionel Messi
99%
2022/23 Norwegia Erling Haaland
98%
2020/21 Polska Robert Lewandowski
98%
2021/22 Polska Robert Lewandowski
98%
2013/14 Urugwaj Luis Suarez
95%
2015/16 Urugwaj Luis Suarez
95%
2019/20 Włochy Ciro Immobile
76%
2004/05 Urugwaj Diego Forlan
76%
2008/09 Urugwaj Diego Forlan
76%
2003/04 Francja Thierry Henry
73%
2004/05 Francja Thierry Henry
73%
2000/01 Szwecja Henrik Larsson
60%
2006/07 Włochy Francesco Totti
50%
2005/06 Włochy Luca Toni
32%
2001/02 Brazylia Mario Jardel
12%
2002/03 Holandia Roy Makaay
11%
Nie znaleziono quizów pasujących do podanych kryteriów
Rozkład punktacji
Procent ludzi z każdym wynikiem
Percentyl według liczby udzielonych odpowiedzi
Twoja historia wyników
Nie rozwiązałeś tego quizu od ostatniego zresetowania